Petra : art, history and itineraries in the Nabatean capital /

محفوظ في:

المؤلف الرئيسي: Bourbon, Fabio (مؤلف)

مؤلفون آخرون: Fisher, Barbara (المترجم)

التنسيق: كتاب

اللغة: English
Undetermined

منشور في: Vercelli : White star, 2001.

الموضوعات:

الوسوم: إضافة وسم

لا توجد وسوم, كن أول من يضع وسما على هذه التسجيلة!

رقم الطلب: DS154.9 .P48 B68 2001

LEADER 00792cam a22002534i 4500
003 OSt
005 20241029104152.0
008 040622s2001 it ab 000 0 eng
999 |c 55215  |d 55215 
020 |a 8880955969 
020 |a 9788880955962 
040 |c ARCE Library 
041 1 |a eng  |h und 
043 |a a-jo--- 
050 4 |a DS154.9 .P48 B68 2001 
100 1 |a Bourbon, Fabio,  |e author 
245 1 0 |a Petra :   |b art, history and itineraries in the Nabatean capital /   |c text by Fabio Bourbon ; translation Barbara Fisher. 
264 1 |a Vercelli :  |b White star,  |c 2001. 
300 |a 141 pages :  |b color illustrations, maps (some color) ;  |c 30 cm 
651 0 |a Petra (Extinct city) 
651 0 |a Jordan  |x Antiquities. 
700 1 |a Fisher, Barbara  |e translator 
901 |a reviewed 
942 |2 lcc  |c BK